Представление документа в формате MARC21

ПолеНазваниеЗначение
  Тип записи a
  Библиографический уровень m
001 Контрольный номер RU/URAIT/582652
005 Дата корректировки 20260429163707.1
008 Кодируемые данные 260429s2026 RU y f j 000 0 rus u
020 Индекс ISBN __
a ISBN 978-5-534-05389-0
c Цена, тираж 1899.00
040 Источник каталогиз. __
a Служба первич. каталог. ИКО Юрайт
c Служба, преобразующая запись ИКО Юрайт
e Правила каталог. RCR
041 Код языка издания __
a Код языка текста rus
044 Код страны публикации __
a Код страны публикации RU
080 Индекс УДК __
a Индекс УДК 159.9:34(075)
084 Индекс другой классификации/Индекс ББК __
2 Источник индекса rubbk
a Индекс другой классификации/Индекс ББК 88.4я73
100 Автор __
a Автор Сорокотягин И. Н.
q Полное имя Сорокотягин Игорь Николаевич
245 Заглавие __
a Заглавие Юридическая психология
b Продолж. заглавия учебник и практикум для вузов
c Ответственность И. Н. Сорокотягин, Д. А. Сорокотягина.
250 Сведения об издании __
g пер. и доп
a Основные сведения об издании 4-е изд.
256 Характеристики компьютерного файла __
a Характеристики компьютерного файла Электрон. дан.
260 Выходные данные __
a Место издания Москва
b Издательство Юрайт
c Дата издания 2026
300 Физическое описание __
a Объем 360 с
440 Серия __
a Серия Высшее образование
500 Примечания __
a Примечание URL: https://urait.ru/bcode/582652 (дата обращения: 29.04.2026).
520 Аннотация __
a Аннотация В курсе раскрыты теоретические основы общей и юридической психологии. Он подготовлен ведущими специалистами в области юридической психологии, криминалистики и судебной экспертизы с учетом опыта научно-практической деятельности и современных направлений развития юридической (правовой) психологии и психологии юриспруденции. Отличие курса — раскрытие недостаточно освещенных в учебной литературе психологических особенностей нотариальной, оперативно-розыскной, судебно-экспертной деятельности. Для студентов высших учебных заведений, обучающихся по юридическим направлениям и специальностям.
538 Прим. о системных особенностях __
a Прим. о системных особенностях Режим доступа: Электронно-библиотечная система Юрайт, для авториз. пользователей
653 Ключевые слова __
a Ключевые слова Криминология. Юридическая психология
653 Ключевые слова __
a Ключевые слова Юридические науки
653 Ключевые слова __
a Ключевые слова Юридическая психология
653 Ключевые слова __
a Ключевые слова Введение в юридическую психологию
653 Ключевые слова __
a Ключевые слова Юридическая психология и тактика судебного и переговорного процесса
653 Ключевые слова __
a Ключевые слова Психологическая диагностика в юридической психологии
653 Ключевые слова __
a Ключевые слова Юридическая психология. Медиация
653 Ключевые слова __
a Ключевые слова Юридическая психология и педагогика
653 Ключевые слова __
a Ключевые слова Психология в профессиональной деятельности юриста и сотрудника правоохранительных органов
653 Ключевые слова __
a Ключевые слова Психология в сфере права
653 Ключевые слова __
a Ключевые слова Юридическая психология в альтернативном урегулировании
653 Ключевые слова __
a Ключевые слова Юридическая психология и конфликтология
700 Другие авторы __
a Другие авторы Сорокотягина Д. А.
q Полное имя Сорокотягина Джуалета Александровна
856 Электронный адрес документа 40
n Местонахождение сервера Юрайт
g Электронная книга
q Тип электронного формата html
h Имя пользователя ЮРАЙТ
v Часы доступа к ресурсу 20271231
2 Способ доступа Показать документ
x Служебное примечание https://urait.ru/book/cover/E5B3935B-A746-46A9-B7DE-6BA6F0124285
u URL https://urait.ru/bcode/582652
856 Электронный адрес документа 48
q Тип электронного формата cover
u URL https://urait.ru/book/cover/E5B3935B-A746-46A9-B7DE-6BA6F0124285
911 __
u 0030=https://urait.ru/bcode/582652
911 __
u 073a=9785534053890
u 073d=1899.00
911 __
u 106a=s
911 __
u 900l=
952 Тип литературы __
i Дисциплина Юридическая психология
952 Тип литературы __
i Дисциплина Введение в юридическую психологию
952 Тип литературы __
i Дисциплина Юридическая психология и тактика судебного и переговорного процесса
952 Тип литературы __
i Дисциплина Психологическая диагностика в юридической психологии
952 Тип литературы __
i Дисциплина Юридическая психология. Медиация
952 Тип литературы __
i Дисциплина Юридическая психология и педагогика
952 Тип литературы __
i Дисциплина Психология в профессиональной деятельности юриста и сотрудника правоохранительных органов
952 Тип литературы __
i Дисциплина Психология в сфере права
952 Тип литературы __
i Дисциплина Юридическая психология в альтернативном урегулировании
952 Тип литературы __
i Дисциплина Юридическая психология и конфликтология